[Event "EThessaloniki SSTH HALK-ch U16"]
[Site "Thessaloniki"]
[Date "2017.11.26"]
[Round "6.3"]
[White "Kanellis, Panagiotis"]
[Black "Karaiskakis, Georgios"]
[Result "1-0"]
[WhiteElo "1000"]
[BlackElo "1009"]
[PlyCount "61"]
[EventDate "2017.10.01"]
[EventType "swiss"]
[EventRounds "6"]
[EventCountry "GRE"]
[SourceTitle "EXT 2024"]
[Source "ChessBase"]
[SourceDate "2023.10.10"]
[SourceVersion "1"]
[SourceVersionDate "2023.10.10"]
[SourceQuality "1"]

1. d4 Nf6 2. e3 g6 3. Nf3 d5 4. Bd3 Bg7 5. b3 0-0 6. 0-0 b6 7. Bb2 Bb7 8. Nc3 e6 9. Qe2 Nc6 10. Rad1 Nb4 11. Rc1 Ne4 12. Rfd1 Nxc3 13. Bxc3 Nxa2 14. Bb2 Nxc1 15. Bxc1 c5 16. Ba3 Rc8 17. c4 Qc7 18. e4 Rfd8 19. Bb2 Qc6 20. Re1 Re8 21. e5 f6 22. cxd5 exd5 23. Bb5 Qc7 24. Bxe8 Rxe8 25. e6 Bc8 26. e7 Kf7 27. dxc5 bxc5 28. Qd2 d4 29. Qc2 h6 30. Qc4+ Be6 31. Qxe6# 1-0

[Event "EThessaloniki SSTH HALK-ch U16"]
[Site "Thessaloniki"]
[Date "2017.11.12"]
[Round "4.3"]
[White "Magalakis, Stefanos"]
[Black "Kanellis, Panagiotis"]
[Result "1-0"]
[WhiteElo "1324"]
[BlackElo "1000"]
[PlyCount "101"]
[EventDate "2017.10.01"]
[EventType "swiss"]
[EventRounds "6"]
[EventCountry "GRE"]
[SourceTitle "EXT 2024"]
[Source "ChessBase"]
[SourceDate "2023.10.10"]
[SourceVersion "1"]
[SourceVersionDate "2023.10.10"]
[SourceQuality "1"]

1. e4 c5 2. Nf3 e6 3. d4 b6 4. c4 Bb7 5. Nc3 Ne7 6. d5 g6 7. Bg5 h6 8. Bf6 Rg8 9. d6 Nbc6 10. Nb5 Rc8 11. dxe7 Bxe7 12. Nd6+ Kf8 13. Nxb7 Qc7 14. Bxe7+ Kxe7 15. Qd6+ Qxd6 16. Nxd6 Kxd6 17. Be2 Ke7 18. 0-0 Rgd8 19. Rad1 Nb4 20. a3 Nc6 21. h3 f5 22. Bd3 a5 23. Rfe1 f4 24. Bc2 g5 25. Ba4 h5 26. Bxc6 dxc6 27. Rxd8 Rxd8 28. Nxg5 Rd2 29. Rb1 Rc2 30. b3 Rd2 31. Nf3 Re2 32. Kf1 Rxe4 33. Re1 Rxe1+ 34. Kxe1 Kd7 35. a4 b5 36. cxb5 cxb5 37. axb5 Kc7 38. Kd2 Kb6 39. Kc3 Kxb5 40. g3 fxg3 41. fxg3 Kc6 42. g4 Kb5 43. gxh5 a4 44. bxa4+ Kxa4 45. h6 Kb5 46. h7 c4 47. h8Q e5 48. Qxe5+ Kc6 49. Kxc4 Kb6 50. Qc5+ Kb7 51. Qd6 1-0